000 01752nam a2200241 a 4500
001 BRCA_8732
005 20190320210401.0
008 200217s1786----sp-#######---#000-0#spa-#
041 _aspa
044 _asp
084 _aBE87
_b.S47 1786
245 1 0 _aSermones del P. Carlos Frey de Neuville predicador de Luis XIV, rey de Francia
_ctraducidos del francés por D. Juan Antonio Pellicer de la Real Biblioteca.
260 _aMadrid
_bPor Don Blas Román
_c1786
300 _a[2], 432 p. (t.4)
_c22 x 15.5 cm.
500 _aCon marca de fuego: “Procedencia de la marca: Convento de San Francisco Santa María del Pueblito de Querétaro(1). Institución: Orden de Frailes Menores. Provincia de San Pedro y San Pablo de Michoacán. Descripción: Monograma conformado por las iniciales “P”, “u”, “E” seguidas de “b”, “I”, “T” y “o” que se desata como Pueblito(2) dentro de un filete en forma de rombo. Observaciones: Krausse la incluye entre las marcas no identificadas. David Saavedra la identifica como del Convento Franciscano de Santa María del Pueblito, Villa Corregidora de Querétaro. Con el testimonio de pertenencia ubicado en este ejemplar se corrobora la atribución realizada por David Saavedra. Ubicación de la marca en el libro: Canto superior, inferior y lateral”
500 _aEstado físico: encuadernación en pergamino
505 0 _aContiene: Quaresma
600 1 4 _aFrey de Neuville, Carlos
_d1693 - 1774
_921736
650 1 4 _aSermones franceses
_yObras anteriores a 1800
_921737
856 _ahttp://www.marcasdefuego.buap.mx:8180/xmLibris/projects/firebrand/item.jsp?repository=marcas_de_fuego&key=marcas_de_fuego_franciscanas_20150618135223_2ccc.xml&num=124
902 _aCFM
942 _2lcc
_cB
999 _c8384
_d8384